Путешествия на теплоходе: плановые маршруты по рекам СССР; [путеводитель]

Détails bibliographiques
Autres auteurs: Каганов Я. А. (составитель)
Résumé:Исключено из фонда НТБ ТПУ
Langue:russe
Publié: Москва, Профиздат, 1983
Collection:Сто путей, сто дорог
Sujets:
Format: Livre
KOHA link:https://koha.lib.tpu.ru/cgi-bin/koha/opac-detail.pl?biblionumber=130183

MARC

LEADER 00000nam0a2200000 4500
001 130183
005 20250523121523.0
035 |a (RuTPU)RU\TPU\book\140985 
090 |a 130183 
100 |a 20080131d1983 m y0rusy5003 ca 
101 0 |a rus 
102 |a RU 
105 |a a z 000zy 
200 1 |a Путешествия на теплоходе  |e плановые маршруты по рекам СССР  |e [путеводитель]  |f сост. Я. А. Каганов 
210 |a Москва  |c Профиздат  |d 1983 
215 |a 176 с.  |c ил. 
225 1 |a Сто путей, сто дорог 
333 |a Исключено из фонда НТБ ТПУ 
610 1 |a туризм 
610 1 |a путешествия 
610 1 |a водный туризм 
610 1 |a плановые маршруты 
610 1 |a реки СССР 
610 1 |a путеводители 
675 |a 797 
702 1 |a Каганов  |b Я. А.  |4 220 
801 0 |a RU  |b RuMRKP  |c 19950704  |g psbo 
801 1 |a RU  |b 63413507  |c 20080131  |g PSBO 
801 2 |a RU  |b 63413507  |c 20080131  |g PSBO 
850 |a 63413507 
942 |c BK